000 02095nam a2200277 i 4500
003 DO-SdBNP
005 20231103135430.0
006 a||||gr|||| 00| 0
007 ta
008 231101t1996 dr ||||| |||| 00| 0 spa d
040 _aDO-SdBNP
_bspa
_cBNPHU
_erda
082 4 _222
_bP953s
111 1 _aSimposio Dominicano de Lengua Española
_n(1.:
_d1994:
_cSanto Domingo)
_jautor
_984558
245 1 0 _aPrimer simposio dominicano de lengua española:
_bponencias. /
_cPrólogo, Ricardo Díez-Hochleitner.
264 4 _aSanto Domingo :
_bCentro Cultural Hispánico-ICI,
_c1996
300 _a132 páginas ;
_c23 cm.
336 _2rdacontent
_atexto
_btxt
337 _2rdamedia
_asin mediación
_bn
338 _2rdacarrier
_avolumen
_bnc
500 _aIncluye bibliografía y notas al pie de páginas
504 _aBibliografías, páginas 78 - 84 y 131 - 32.
505 _aPrólogo.-- Presentación.
_tPalabras con motivo de la inauguración del Simposio Dominicano de Lengua Española, /
_rEnrique Sardá Valls.--
_tPalabras de la Secretaria de Educación, /
_rLic. Jacqueline Malagón.--
_tPalabras de Virginia Fernández, /
_rDirectora del Centro Cultural Hispánico.--
_tLa defensa de la enseñanza del español, /
_rObdulia García.--
_tEspañol de España y español de América, /
_rMaximiliano A. Jiménez Sabater.--
_tLa norma lingüística y el español dominicano, /
_rDra. Irene Pérez Guerra.--
_tLa utilización de la lengua española en los medios de comunicación dominicanos, /
_rNexcy de León.--
_tEl lenguaje de la publicidad en la República Dominicana, /
_rFreddy Ortíz.--
_tLa prosa dominicana en el siglo XX (1900 - 1950), /
_rManuel Núñez.--
_tLengua y Literatura en la educación dominicana. Su enseñanza, /
_rCiana D. Martínez Valdez.--
_tEl lenguaje político, /
_rRafael González Tirado.--
_tEl Instituto Cervantes: presente y futuro del español dominicano en la mundo, /
_rJosé Ma. de Tomás Puch.--
_tHistoria del español dominicano, /
_rMicaela Carrera de la Red.
590 _aInventariado 2023 / MF
700 1 _aDíez-Hochleitner, Ricardo,
_eprólogo
_984559
942 _2ddc
_cLBS1
999 _c55361
_d55361